Sports Quiz

Random Sports or Baseball Quiz

Closest MLB Teams to Mexico Quiz Stats

 Plays Quiz Updated Jun 24, 2018

Challenge
Share
Tweet
Embed
Score 0/15 Timer 03:00
1 Play Today
Distance Team % Correct
284 Mi???
93.4%
124 Mi???
92.8%
461 Mi???
91.9%
328 Mi???
91.6%
117 Mi???
91.1%
98 Mi???
90.1%
469 Mi???
85%
558 Mi???
81.3%
Distance Team % Correct
12 Mi???
80.1%
885 Mi???
67.5%
510 Mi???
67.2%
753 Mi???
66.1%
865 Mi???
62.5%
505 Mi???
62%
Mine???
53.5%

You're not logged in!

Compare scores with friends on all Sporcle quizzes.
Join for Free
OR
Log In

You Might Also Like...

Show Comments

Extras

Top Quizzes Today


Score Distribution

Your Account Isn't Verified!

In order to create a playlist on Sporcle, you need to verify the email address you used during registration. Go to your Sporcle Settings to finish the process.

Report this User

Report this user for behavior that violates our Community Guidelines.

Details: